Put into practice (Record no. 65094)

MARC details
000 -LEADER
fixed length control field 01334cam a2200241 4500
001 - CONTROL NUMBER
control field ABS63071
008 - FIXED-LENGTH DATA ELEMENTS--GENERAL INFORMATION
fixed length control field 000000n2000 000 0 eng u
035 ## - SYSTEM CONTROL NUMBER
System control number (Sirsi) u108998
100 ## - MAIN ENTRY--PERSONAL NAME
Personal name Williams, P.
245 ## - TITLE STATEMENT
Title Put into practice
260 ## - PUBLICATION, DISTRIBUTION, ETC.
Date of publication, distribution, etc. 2000
490 ## - SERIES STATEMENT
Series statement Estates Gazette
Volume/sequential designation (0042) 21 October 2000, 169(1)
520 ## - SUMMARY, ETC.
Summary, etc. Following on from a previous article (EG 14 October 2000, 206), looks further at Practice Rule 6A, which requires a solicitor to disclose that more than one draft contract has been sent out. Identifies a number of situations in which the rule will apply but there is a danger of it being overlooked: where the sale drags on; sales of businesses; the grant of a lease; the simultaneous negotiation of two incompatible transactions. With reference to Jenmain Builders Ltd v Steed & Steed, discusses the perils of acting for more than one party. Notes that solicitors acting for both parties cannot continue to act if the seller wishes to deal with a second buyer.
590 ## - LOCAL NOTE (RLIN)
Local note ABS
650 ## - SUBJECT ADDED ENTRY--TOPICAL TERM
Topical term or geographic name entry element SOLICITORS' PRACTICE RULES 1990 R6A
650 ## - SUBJECT ADDED ENTRY--TOPICAL TERM
Topical term or geographic name entry element DISCLOSURE OF INFORMATION
650 ## - SUBJECT ADDED ENTRY--TOPICAL TERM
Topical term or geographic name entry element SOLICITORS
650 ## - SUBJECT ADDED ENTRY--TOPICAL TERM
Topical term or geographic name entry element SELLING AGENTS
650 ## - SUBJECT ADDED ENTRY--TOPICAL TERM
Topical term or geographic name entry element Contracts
9 (RLIN) 6232
650 ## - SUBJECT ADDED ENTRY--TOPICAL TERM
Topical term or geographic name entry element JENMAIN BUILDERS LTD V STEED & STEED
690 ## - LOCAL SUBJECT ADDED ENTRY--TOPICAL TERM (OCLC, RLIN)
Topical term or geographic name as entry element MANAGEMENT-BUSINESS MANAGEMENT-PROFESSIONAL PRACTICE
942 ## - ADDED ENTRY ELEMENTS (KOHA)
Suppress in OPAC 0
Holdings
Withdrawn status Lost status Source of classification or shelving scheme Damaged status Not for loan Home library Current library Shelving location Date acquired Total Checkouts Full call number Barcode Date last seen Copy number Price effective from Koha item type
    Dewey Decimal Classification     London London Journal article 26/10/2000   ABS63071 108998-1001 06/08/2019 1 06/08/2019 Journal article